<?xml version="1.0" encoding="UTF-8"?>
<record
    xmlns:xsi="http://www.w3.org/2001/XMLSchema-instance"
    xsi:schemaLocation="http://www.loc.gov/MARC21/slim http://www.loc.gov/standards/marcxml/schema/MARC21slim.xsd"
    xmlns="http://www.loc.gov/MARC21/slim">

  <leader>05014nam a2200457 a 4500</leader>
  <controlfield tag="001">dia_4649</controlfield>
  <controlfield tag="003">CHAP</controlfield>
  <controlfield tag="005">20241023121058.0</controlfield>
  <controlfield tag="007">ta</controlfield>
  <controlfield tag="008">220117s2010    mx ao  frm    001 0 spa d</controlfield>
  <datafield tag="010" ind1=" " ind2=" ">
    <subfield code="a">175328</subfield>
  </datafield>
  <datafield tag="040" ind1=" " ind2=" ">
    <subfield code="a">mxchpua</subfield>
    <subfield code="c">CHAP</subfield>
  </datafield>
  <datafield tag="041" ind1="0" ind2=" ">
    <subfield code="a">spa</subfield>
    <subfield code="b">eng</subfield>
  </datafield>
  <datafield tag="090" ind1=" " ind2=" ">
    <subfield code="a">Tesis </subfield>
    <subfield code="b">G664 </subfield>
    <subfield code="c">2010</subfield>
  </datafield>
  <datafield tag="100" ind1="1" ind2=" ">
    <subfield code="a">Gonz&#xE1;lez Morales, Keyla</subfield>
  </datafield>
  <datafield tag="240" ind1="1" ind2="0">
    <subfield code="a">Manual count of somatic cells in cow milk, direct microscopic account.</subfield>
    <subfield code="l">Espa&#xF1;ol</subfield>
  </datafield>
  <datafield tag="245" ind1="1" ind2="0">
    <subfield code="a">Manual para recuento de c&#xE9;lulas som&#xE1;ticas en leche de vaca por cuenta directa al microscopio /</subfield>
    <subfield code="c">Keyla Gonz&#xE1;lez Morales</subfield>
  </datafield>
  <datafield tag="264" ind1=" " ind2=" ">
    <subfield code="a">Chapingo, M&#xE9;xico :</subfield>
    <subfield code="b">El autor,</subfield>
    <subfield code="c">2010</subfield>
  </datafield>
  <datafield tag="300" ind1=" " ind2=" ">
    <subfield code="a">iii, 46 hojas :</subfield>
    <subfield code="b">ilustraciones, tablas, fotos +</subfield>
    <subfield code="e">1 CD-ROM</subfield>
  </datafield>
  <datafield tag="336" ind1=" " ind2=" ">
    <subfield code="2">rdacontent</subfield>
    <subfield code="a">texto</subfield>
    <subfield code="b">txt</subfield>
  </datafield>
  <datafield tag="337" ind1=" " ind2=" ">
    <subfield code="2">rdamedia</subfield>
    <subfield code="a">no mediado</subfield>
    <subfield code="b">n</subfield>
  </datafield>
  <datafield tag="338" ind1=" " ind2=" ">
    <subfield code="2">rdacarrier</subfield>
    <subfield code="a">volumen</subfield>
    <subfield code="b">nc</subfield>
  </datafield>
  <datafield tag="502" ind1=" " ind2=" ">
    <subfield code="a">Tesis</subfield>
    <subfield code="b">(Ingeniero Agroindustrial) --</subfield>
    <subfield code="c">UACh. Departamento de Ingenier&#xED;a Agroindustrial,</subfield>
    <subfield code="d">2010</subfield>
  </datafield>
  <datafield tag="504" ind1=" " ind2=" ">
    <subfield code="a">Bibliograf&#xED;a: hojas 41-46</subfield>
  </datafield>
  <datafield tag="520" ind1="3" ind2=" ">
    <subfield code="a">En esta investigaci&#xF3;n se elabor&#xF3; un manual operativo para el recuento de c&#xE9;lulas som&#xE1;ticas en leche de vaca, por el m&#xE9;todo microscopia directa, la metodolog&#xED;a para este manual fue basado en la NOM-F-700-COFOCALEC-2004 y la de Standard Methods for The Examination of Dairy Products, aplicable a toda leche cruda de vaca y a sus especificaciones de calidad. Se realiz&#xF3; en el laboratorio de l&#xE1;cteos del Departamento de Ingenier&#xED;a Agroindustrial utilizando leche de animales del &#xE1;rea de pastoreo del Departamento de Zootecnia, la muestra se tomo de el gal&#xF3;n de recolecci&#xF3;n, en tubos de ensayo de previamente esterilizados y se llevaron al laboratorio en un lapso de 20 min; se prepararon las muestras rotuladas con el numero de vaca, en un ba&#xF1;o de agua a 30-40 &#xB0;C, se tomaron 10 &#xB5;L de leche con la ayuda de una micropipeta y se depositaron sobre un portaobjetos que en la parte inferior fue colocada una placa gu&#xED;a de 20 mm X 5 mm con dos repeticiones, pasado el tiempo de secado se le a&#xF1;adi&#xF3; reactivo soluci&#xF3;n de Breed, por un tiempo de exposici&#xF3;n de 15 min, pasado el tiempo se lavo y se seco el frotis para su an&#xE1;lisis en el microscopio con un enfoque de 100 X, dependiendo el n&#xFA;mero de c&#xE9;lulas contadas en las franjas se calcul&#xF3; con el factor de trabajo el n&#xFA;mero de c&#xE9;lulas som&#xE1;ticas por cada mL de leche. Como resultado el recuento celular som&#xE1;tico en los l&#xED;mites aceptables se asegura la calidad del producto final, mejores precios e incentivos para el productor, se incrementa el rendimiento en la elaboraci&#xF3;n de quesos y se alarga la vida de anaquel de los productos l&#xE1;cteos, se mejora la salud de las vacas y la rentabilidad de la ganader&#xED;a.</subfield>
  </datafield>
  <datafield tag="520" ind1="3" ind2=" ">
    <subfield code="a">This research developed an operational manual counting of somatic cells in cow's milk, by direct microscopy method, the methodology for this manual was based on the NOM-F-700-COFOCALEC-2004 and Standard Methods for The Examination of Dairy Products, applicable to all raw cow's milk and its quality specifications. Was carried in the laboratory of milk in the Departamento de Ingenier&#xED;a Agroindustrial using grazing animals in the area of Departmento de Zootecnia, Universidad Autonoma Chapingo,  where he took the samples, which were 12 Holstein cows and these samples were taken in the order of the morning and discussed the four quarters, the sample was taken from the collection gallon, same as was collected in test tubes previously sterilized, were taken to the laboratory in a period no longer than 20 min, were prepared samples previously labeled with the number of cows in a water bath at 30-40 &#xB0;C, it took 10 &#xB5;L of milk with the help of a micropipette and deposited onto a slide at the bottom that was placed a plate guide 20 mm x 5 mm with two repeats, after the drying time was added reagent solution Breed, which was previously prepared and filtered by an exposure time of 15 min, over time washed and dried the slides for their analysis in the microscope with a 100X approach, depending on the number of cells counted in the slots is calculated by the working factor the number of somatic cells per ml of milk. With a somatic cell count among the acceptable limits ensuring final product quality, better prices or incentives for the producer, improves performance in making cheese and longer storage life of dairy products, improving health cow and the profitability of farming</subfield>
  </datafield>
  <datafield tag="650" ind1="1" ind2="3">
    <subfield code="a">Calidad de la leche</subfield>
    <subfield code="2">atg</subfield>
  </datafield>
  <datafield tag="650" ind1="1" ind2="3">
    <subfield code="a">Conteo de c&#xE9;lulas som&#xE1;ticas  </subfield>
    <subfield code="2">atg</subfield>
  </datafield>
  <datafield tag="650" ind1="1" ind2="3">
    <subfield code="a">Leche</subfield>
    <subfield code="2">atg</subfield>
  </datafield>
  <datafield tag="650" ind1="1" ind2="3">
    <subfield code="a">Milk  </subfield>
    <subfield code="2">atg</subfield>
  </datafield>
  <datafield tag="650" ind1="1" ind2="3">
    <subfield code="a">Milk quality</subfield>
    <subfield code="2">atg</subfield>
  </datafield>
  <datafield tag="650" ind1="1" ind2="3">
    <subfield code="a">Somatic cell count  </subfield>
    <subfield code="2">atg</subfield>
  </datafield>
  <datafield tag="700" ind1="1" ind2=" ">
    <subfield code="a">Santos Moreno, Armando</subfield>
    <subfield code="e">director</subfield>
  </datafield>
  <datafield tag="700" ind1="1" ind2=" ">
    <subfield code="a">Esparza Torres, F&#xE9;lix</subfield>
    <subfield code="e">asesor</subfield>
  </datafield>
  <datafield tag="700" ind1="1" ind2=" ">
    <subfield code="a">Leyva Ruelas, Gabriel</subfield>
    <subfield code="e">asesor</subfield>
  </datafield>
  <datafield tag="856" ind1="4" ind2="1">
    <subfield code="u">http://10.13.5.2/tesis/110311.pdf</subfield>
    <subfield code="y">DESCARGAR PDF</subfield>
  </datafield>
  <datafield tag="901" ind1=" " ind2=" ">
    <subfield code="a">TESIS G664 2010</subfield>
  </datafield>
  <datafield tag="902" ind1=" " ind2=" ">
    <subfield code="a">M</subfield>
  </datafield>
  <datafield tag="905" ind1=" " ind2=" ">
    <subfield code="a">5232272010                          mx dnnl8223123322spa16</subfield>
  </datafield>
  <datafield tag="942" ind1=" " ind2=" ">
    <subfield code="c">TESIS</subfield>
    <subfield code="2">Clasificaci&#xF3;n Universidad Aut&#xF3;noma Chapingo</subfield>
  </datafield>
  <datafield tag="999" ind1=" " ind2=" ">
    <subfield code="c">175328</subfield>
    <subfield code="d">175328</subfield>
  </datafield>
  <datafield tag="952" ind1=" " ind2=" ">
    <subfield code="0">0</subfield>
    <subfield code="1">0</subfield>
    <subfield code="2">local</subfield>
    <subfield code="4">0</subfield>
    <subfield code="5">5</subfield>
    <subfield code="7">0</subfield>
    <subfield code="8">TESIS</subfield>
    <subfield code="a">IA_</subfield>
    <subfield code="b">IA_</subfield>
    <subfield code="d">2024-10-31</subfield>
    <subfield code="e">El autor</subfield>
    <subfield code="l">2</subfield>
    <subfield code="o">Tesis G664 2010</subfield>
    <subfield code="p">1101009676</subfield>
    <subfield code="r">2024-10-31 16:14:12</subfield>
    <subfield code="s">2024-10-31</subfield>
    <subfield code="t">Ej.3</subfield>
    <subfield code="y">CD</subfield>
  </datafield>
  <datafield tag="952" ind1=" " ind2=" ">
    <subfield code="0">0</subfield>
    <subfield code="1">0</subfield>
    <subfield code="2">local</subfield>
    <subfield code="4">0</subfield>
    <subfield code="5">1</subfield>
    <subfield code="7">0</subfield>
    <subfield code="8">TESIS</subfield>
    <subfield code="a">IA_</subfield>
    <subfield code="b">IA_</subfield>
    <subfield code="d">2022-01-18</subfield>
    <subfield code="e">El autor</subfield>
    <subfield code="l">0</subfield>
    <subfield code="o">Tesis G664 2010</subfield>
    <subfield code="p">1101009674</subfield>
    <subfield code="r">2026-02-02 00:00:00</subfield>
    <subfield code="t">Ej.1</subfield>
    <subfield code="y">TESIS</subfield>
  </datafield>
  <datafield tag="952" ind1=" " ind2=" ">
    <subfield code="0">0</subfield>
    <subfield code="1">0</subfield>
    <subfield code="2">local</subfield>
    <subfield code="4">0</subfield>
    <subfield code="5">5</subfield>
    <subfield code="7">0</subfield>
    <subfield code="8">TESIS</subfield>
    <subfield code="a">IA_</subfield>
    <subfield code="b">IA_</subfield>
    <subfield code="d">2024-10-25</subfield>
    <subfield code="e">El autor</subfield>
    <subfield code="l">1</subfield>
    <subfield code="o">Tesis G664 2010</subfield>
    <subfield code="p">1101009675</subfield>
    <subfield code="r">2026-02-02 00:00:00</subfield>
    <subfield code="s">2024-10-25</subfield>
    <subfield code="t">Ej.2</subfield>
    <subfield code="y">TESIS</subfield>
  </datafield>
  <datafield tag="952" ind1=" " ind2=" ">
    <subfield code="0">0</subfield>
    <subfield code="1">0</subfield>
    <subfield code="2">local</subfield>
    <subfield code="4">0</subfield>
    <subfield code="7">0</subfield>
    <subfield code="8">TesDigL</subfield>
    <subfield code="a">IA_</subfield>
    <subfield code="b">IA_</subfield>
    <subfield code="c">E_L</subfield>
    <subfield code="d">2024-10-23</subfield>
    <subfield code="e">El autor</subfield>
    <subfield code="l">0</subfield>
    <subfield code="p">1201009674</subfield>
    <subfield code="r">2024-10-23 13:19:52</subfield>
    <subfield code="y">TD</subfield>
  </datafield>
</record>
